000
00330cam a2200145ua 4500
041
_a
eng
_h
082
_a
822
_b
AUD/AS
100
_a
Auden, W H .
245
_a
Ascent of F6 /
_c
W H Auden.
_h
Textual Documents
260
_a
London :
_b
Faber and Faber Ltd.
300
_a
123 ; .
504
_a
942
_c
BK
999
_c
4214
_d
4214